Flughäfen in Deutschland - Statistiken

Allgemein
  • Dieses Quiz wurde 183 mal gespielt
  • Das Durchschnittsergebnis liegt bei 22 aus 36
Antwortstatistiken
Klassifizierung Passagiere Flughafen % Korrekt
Inter 43.394.442 München
100%
Inter 26.050.880 Berlin Brandenburg
99%
Inter 63.186.114 Frankfurt
99%
Inter 10.060.452 Köln/Bonn
99%
Inter 9.585.033 Stuttgart
97%
Inter 14.770.812 Hamburg
96%
Inter 21.031.429 Düsseldorf
94%
Inter 2.119.170 Leipzig/Halle
94%
Inter 4.508.700 Nürnberg
92%
Inter 886.578 Dresden
90%
Inter 5.344.722 Hannover
89%
Regio 3.242.429 Dortmund
86%
Inter 1.992.727 Bremen
84%
Inter 1.254.072 Münster/Osnabrück
79%
Regio 37.373 Rostock-Laage
77%
Inter 314.108 Erfurt-Weimar
69%
Inter 307.731 Saarbrücken
69%
Regio 2.257.542 Karlsruhe/Baden-Baden
64%
Regio 29.615 Kassel-Calden
63%
Regio 711.400 Paderborn/Lippstadt
62%
Regio 0 Magdeburg-Cochstedt
60%
Regio 49.055 Braunschweig-Wolfsburg
54%
Regio 113.359 Lübeck-Blankensee
54%
Regio 2.196.229 Frankfurt-Hahn
53%
Regio 3.698.900 Memmingen
52%
Regio 123.675 Sylt
44%
Regio 250.884 Friedrichshafen
39%
Regio 2.245.473 Niederrhein
38%
Regio 3.728 Ingolstadt/Manching
33%
Regio 22.000 Heringsdorf
19%
Regio 4.888 Barth
11%
Regio 1.057 Neubrandenburg
11%
Regio 244 Cuxhaven/Nordholz
9%
Sonder 2.654 Lahr
8%
Sonder 5.079 Oberpfaffenhofen
8%
Regio 404 Siegerland
6%
Keine übereinstimmenden Quizze gefunden
Verteilung der Resultate
Anzahl Personen mit jedem Resultat
Perzentil nach korrekt beantworteten Fragen
Ihre Resultats-Entwicklung
Sie haben dieses Quiz noch nicht gespielt